| 000 | 008410am a2200241 004500 | ||
|---|---|---|---|
| 003 | EG-GiCUC | ||
| 008 | 080405m18899999le g d 000 0 ara d | ||
| 040 |
_aEG-GiCUC _bara _cEG-GiCUC |
||
| 050 | 4 |
_aPJ6611. _bL3 1889 |
|
| 092 | 0 | 4 |
_a413.1 _bL232 _221 |
| 099 |
_a04 _a413.1 L232 |
||
| 100 | 1 |
_aلامنس : هنري : _d1862-1937 |
|
| 245 | 1 | 0 |
_aفرائد اللغة / _cتاليف هنريكوس لامنس اليسوعى |
| 260 |
_aبيروت : _bالمطبعة الكاثوليكية للاباء اليسوعيين : _c1889- |
||
| 300 |
_aمج ؛ _c18سم |
||
| 505 | 0 | _aج1.فى الفروق | |
| 590 | _aالمكتبة تقتنى فقط المجلد الاول | ||
| 650 | 7 |
_aاللغة العربية _vمعاجم _2qrmak |
|
| 902 | _a1 | ||
| 905 |
_aجيهان _eمراجع |
||
| 905 |
_aرضا _eمدخل |
||
| 942 |
_2ddc _cBK |
||
| 999 |
_c98601 _d98601 |
||